000 00817nam a2200277 i 4500
001 1436
005 20260219201230.0
008 121119s2003 ck gs 000 f spa d
020 _a9589694047
020 _a9789589694046
040 _aCO-BoRNBP
_bspa
_cCO-BoRNBP
_erda
041 0 _aspa
084 _aN ROM4
100 1 _aRomero, Flor
_eautora
_97966
245 1 0 _aYo, Policarpa
_cFlor Romero
250 _aPrimera edición
264 1 _aBogotá
_bUneda
_c2003
300 _a168 páginas
_c22 cm
336 _atexto
_btxt
_2rdacontent
337 _asin mediación
_bn
_2rdamedia
338 _avolumen
_bnc
_2rdacarrier
650 1 4 _aLiteratura colombiana
_ySiglo XX
_2LEMB
_9427
650 1 4 _aNovela colombiana
_ySiglo XX
_2LEMB
_9426
650 1 4 _aNovela histórica colombiana
_2LEMB
_92105
942 _2loc
_cBKLIT
999 _c1436
_d1436